L'ultimo Uomo

Salvato in:
Dettagli Bibliografici
Autore principale: Andre,Guido,Maecello,Roberto
Natura: Libro
Lingua:lingua imprecisata
Pubblicazione: Savelli
Tags: Aggiungi Tag
Nessun Tag, puoi essere il primo ad aggiungerne!!

MARC

LEADER 00000nam a2200000Ia 4500
001 R-611
003 CODICE-MESSINA
005 20260212102454.0
008 260211s9999 xx 000 0 und d
040 |c importazione_messina 
100 |a Andre,Guido,Maecello,Roberto 
245 0 |a L'ultimo Uomo 
260 |b Savelli 
942 |2 ddc  |c BK 
952 |0 0  |1 0  |2 ddc  |4 0  |6 SCAFFALE_5_000000000000000__ROMANZI  |7 0  |9 31432  |a ME  |b ME  |d 2026-02-11  |l 0  |o SCAFFALE 5 - ROMANZI  |p R-611  |r 2026-02-11 23:52:33  |w 2026-02-11  |x [REVISIONARE]  |y BK 
999 |c 27097  |d 27097